| 000 -ლიდერი |
| ფიქსირებული სიგრძის საკონტროლო ველი |
02039nam a22002417a 4500 |
| 003 - საკონტროლო ნომრის იდენტიფიკატორი |
| საკონტროლო ველი |
Ge_BSU |
| 005 - ბოლო ოპერაციის თარიღი და დრო |
| საკონტროლო ველი |
20230609154813.0 |
| 008 - ფიქსირებული სიგრძის მონაცემთა ელემენტები - ზოგადი ინფორმაცია |
| ფიქსირებული სიგრძის საკონტროლო ველი |
230609s2016 ge ||||| |||| 00| 0 geo d |
| 020 ## - წიგნის საერთაშორისო სტანდარტული ნომერი |
| International Standard Book Number |
9789941095962 |
| 041 ## - ენის კოდი |
| Language code of text/sound track or separate title |
geo |
| 080 ## - უნივერსალური ათობითი კლასიფიკაციის ინდექსი |
| Universal Decimal Classification number |
902.2(479.221.1) ნ-16 |
| 100 ## - მთავარი ჩანაწერი - პიროვნების სახელი |
| Personal name |
ნადიმაშვილი, სერგო |
| 9 (RLIN) |
18603 |
| 245 ## - ცნობა სათაურის შესახებ |
| Title |
ქართლის არქეოლოგიური ძეგლები : |
| Remainder of title |
[მოხსენებების კრებული] / |
| Statement of responsibility, etc |
სერგო ნადიმაშვილი ; რედაქტორი თინათინ სოსანიძე ; ქალაქ გორის მუნიციპალიტეტის მერიის სერგი მაკალათიას სახ. ისტორიულ-ეთნოგრაფიული მუზეუმი. |
| 264 ## - წარმოების, გამოცემის, დისტრიბუციის და სხვა ცნობები |
| გამოცემის, წარმოების, დისტრიბუციის... ადგილი |
თბილისი : |
| გამოცემის, წარმოების, დისტრიბუციის... სახელწოდება |
სერგი მაკალათიას სახ. ისტორიულ-ეთნოგრაფიული მუზეუმი, |
| გამოცემის, წარმოების, დისტრიბუციის... თარიღი |
2016. |
| 300 ## - ფიზიკური აღწერა |
| Extent |
80 გვ. : |
| Other physical details |
ფოტ. ; |
| Dimensions |
20 სმ. |
| 500 ## - ზოგადი შენიშვნა |
| General note |
წინა ყდაზე: ევტიხი ჟვანიას ფოტონამუშევარი - სერგო ნადიმაშვილი, 1936 წ., უკანა ყდაზე: ბრინჯაოს ჭვირული ბალთა სოფ. კიტრეულიდან, ახ. წ. I-II სს. |
| 504 ## - BIBLIOGRAPHY, ETC. NOTE |
| Bibliography, etc |
ბიბლიოგრ.: გვ. 67-70. |
| 520 ## - SUMMARY, ETC. |
| Summary, etc |
რეზიუმე ინგლ. ენაზე. |
| 653 ## - INDEX TERM--UNCONTROLLED |
| Uncontrolled term |
არქეოლოგიური ძეგლები |
| 700 ## - ADDED ENTRY--PERSONAL NAME |
| Personal name |
სოსანიძე, თინათინ |
| Relator term |
რედაქტორი |
| 9 (RLIN) |
18604 |
| 710 ## - ADDED ENTRY--CORPORATE NAME |
| Corporate name or jurisdiction name as entry element |
გორის მუნიციპალიტეტის მერია |
| Subordinate unit |
სერგი მაკალათიას სახ. ისტორიულ-ეთნოგრაფიული მუზეუმი. |
| 9 (RLIN) |
18605 |
| 942 ## - ADDED ENTRY ELEMENTS (KOHA) |
| Source of classification or shelving scheme |
|
| Koha item type |
წიგნი |